All UK Cabinet Ministers under David Cameron (2010-2016) - Statistics

General Stats
  • This quiz has been taken 173 times
  • The average score is 36 of 79
Answer Stats
Minister Title Years Name % Correct
Prime Minister 2010-2016 David Cameron
100%
Home Secretary 2010-2016 Theresa May
96%
Chancellor of the Exchequer 2010-2016 George Osborne
88%
2012-2018 Jeremy Hunt
88%
Culture Secretary 2010-2012 Jeremy Hunt
88%
Deputy Prime Minister 2010-2015 Nick Clegg
87%
2015-2016 Michael Gove
84%
Education Secretary 2010-2014 Michael Gove
84%
2014-2015 Michael Gove
84%
2015-2016 Philip Hammond
84%
2011-2014 Philip Hammond
84%
Transport Secretary 2010-2011 Philip Hammond
84%
Work & Pensions Secretary 2010-2016 Iain Duncan Smith
80%
Foreign Secretary 2010-2015 William Hague
80%
2014-2015 William Hague
80%
2014-2016 Liz Truss
74%
Business Secretary 2010-2015 Vince Cable
62%
2015-2016 Greg Clark
60%
2015-2016 Sajid Javid
60%
2014-2015 Sajid Javid
60%
2015-2016 Priti Patel
55%
2012-2015 Ed Davey
53%
Scotland Secretary 2010 Danny Alexander
52%
2010-2015 Danny Alexander
52%
Defence Secretary 2010-2011 Liam Fox
52%
2015-2016 Amber Rudd
51%
Lord Chancellor / Justice Secretary 2010-2012 Kenneth Clarke
48%
2012-2014 Kenneth Clarke
48%
2015-2016 Matt Hancock
47%
2014-2017 Michael Fallon
46%
Health Secretary 2010-2012 Andrew Lansley
45%
2012-2014 Andrew Lansley
45%
2012-2015 Chris Grayling
45%
2015-2016 Chris Grayling
45%
2012-2016 Justine Greening
44%
2011-2012 Justine Greening
44%
Chief Secretary to the Treasury 2010 David Laws
40%
2015-2019 David Mundell
39%
2014-2016 Nicky Morgan
39%
International DevelopmentSecretary 2010-2012 Andrew Mitchell
38%
2012 Andrew Mitchell
38%
2013-2015 Alistair Carmichael
36%
Energy & Climate ChangeSecretary 2010-2012 Chris Huhne
36%
Communities Secretary 2010-2015 Eric Pickles
36%
2012-2016 Theresa Villiers
35%
2012-2014 David Jones
34%
2012-2015 Grant Shapps
34%
2016-2019 Alun Cairns
33%
2010-2013 Michael Moore
33%
Leader of the House of Commons 2010-2012 George Young
32%
2012-2014 George Young
32%
2012-2016 Patrick McLoughlin
31%
Chief Whip 2010-2012 Patrick McLoughlin
31%
2012-2014 Maria Miller
29%
Wales Secretary 2010-2012 Cheryl Gillan
28%
Minister for Employment 2013-2015 Esther McVey
28%
Minister for the Cabinet Office 2010-2015 Francis Maude
28%
Chancellor of theDuchy of Lancaster 2010-2013 The Lord Strathclyde
28%
Leader of the House of Lords 2010-2013 The Lord Strathclyde
28%
Attorney General 2010-2014 Dominic Grieve
27%
2015-2016 John Whittingdale
27%
2012-2014 Owen Paterson
26%
Northern Ireland Secretary 2010-2012 Owen Paterson
26%
2015-2016 Greg Hands
25%
2014-2018 Jeremy Wright
25%
2016 Stephen Crabbe
25%
2014-2016 Stephen Crabbe
25%
Environment Secretary 2010-2012 Caroline Spelman
24%
2014-2016 Oliver Letwin
24%
Minister for Government Policy 2010-2015 Oliver Letwin
24%
Minister without Portfolio 2010-2012 The Baroness Warsi
22%
Minister for Universities 2010-2014 David Willetts
19%
2014-2016 The Baroness Stowell
18%
2015-2016 Mark Harper
16%
2013-2014 The Lord Hill
16%
2013-2014 The Lord Hill
16%
2015-2016 Robert Halfon
15%
Minister for Small Business 2015-2016 Anna Soubry
14%
Foreign Minister 2014-2016 The Baroness Anelay
13%
No matching quizzes found
Score Distribution
Percent of People with Each Score
Percentile by Number Answered
Your Score History
You have not taken this quiz